Determining the Value of a Financial Unit of Account Basedon Composite Currencies : The Case of the Private Ecu /

Evidence from the past three years indicates that the exchange rate between the private ECU and the official ECU Basket can deviate substantially from par. The value of the private ECU is driven by expectations that a future European Central Bank will enforce par convertibility between the private E...

Descrizione completa

Dettagli Bibliografici
Autore principale: Folkerts-Landau, D.
Altri autori: Garber, Peter
Natura: Periodico
Lingua:English
Pubblicazione: Washington, D.C. : International Monetary Fund, 1994.
Serie:IMF Working Papers; Working Paper ; No. 1994/072
Accesso online:Full text available on IMF
LEADER 02104cas a2200253 a 4500
001 AALejournalIMF004458
008 230101c9999 xx r poo 0 0eng d
020 |c 5.00 USD 
020 |z 9781451959130 
022 |a 1018-5941 
040 |a BD-DhAAL  |c BD-DhAAL 
100 1 |a Folkerts-Landau, D. 
245 1 0 |a Determining the Value of a Financial Unit of Account Basedon Composite Currencies :   |b The Case of the Private Ecu /  |c D. Folkerts-Landau, Peter Garber. 
264 1 |a Washington, D.C. :  |b International Monetary Fund,  |c 1994. 
300 |a 1 online resource (30 pages) 
490 1 |a IMF Working Papers 
500 |a <strong>Off-Campus Access:</strong> No User ID or Password Required 
500 |a <strong>On-Campus Access:</strong> No User ID or Password Required 
506 |a Electronic access restricted to authorized BRAC University faculty, staff and students 
520 3 |a Evidence from the past three years indicates that the exchange rate between the private ECU and the official ECU Basket can deviate substantially from par. The value of the private ECU is driven by expectations that a future European Central Bank will enforce par convertibility between the private ECU and the official ECU basket of currencies. Meanwhile, no existing institutional arrangement limits the private ECU's value in terms of the Basket. This paper addresses the question of what determines the values of the private ECU and of private ECU interest rates. We show that an anticipation of a future fixing of the private ECU's value, together with the interest rate setting mechanism of the large-value ECU payment and clearing system, are sufficient to determine its value. The determination of the private ECU exchange rate provides the template for how to determine the value of any private composite currency, such as, for example, a private SDR. 
538 |a Mode of access: Internet 
700 1 |a Garber, Peter. 
830 0 |a IMF Working Papers; Working Paper ;  |v No. 1994/072 
856 4 0 |z Full text available on IMF  |u http://elibrary.imf.org/view/journals/001/1994/072/001.1994.issue-072-en.xml  |z IMF e-Library